Pasión y resurrección del Señor

সংরক্ষণ করুন:
গ্রন্থ-পঞ্জীর বিবরন
প্রধান লেখক: Benoit, Pierre (Author)
বিন্যাস: গ্রন্থ
ভাষা:স্প্যানিশ
প্রকাশিত: Madrid Fax 1971
মালা:Actualidad Bíblica, 24
বিষয়গুলি:
ট্যাগগুলো: ট্যাগ যুক্ত করুন
কোনো ট্যাগ নেই, প্রথমজন হিসাবে ট্যাগ করুন!

MARC

LEADER 00000nam a2200000 a 4500
001 UCL1827
003 CL-VaPUC
008 030926e19710000SP |||||||||||||||||spa|d
082 0 4 |a 232.96  |b BEN  |2 21 
100 0 |a Benoit, Pierre  |e author  |9 478661 
245 1 0 |a Pasión y resurrección del Señor 
300 |a 382 p 
942 |c BK 
945 |d 20030926 00:00:00  |a vberengu 
260 |a Madrid  |b Fax  |c 1971 
650 0 |a Resurrección de Jesús   |9 314391 
650 0 |a Teología cristiana  |9 308336 
650 0 |a Cristología   |9 315091 
583 |a last modification  |c 20030926 00:00:00  |k Rodrigo Vera 
490 0 |a Actualidad Bíblica, 24 
999 |c 305267  |d 305265 
952 |0 0  |1 0  |4 0  |6 232_960000000000000_BEN_1971  |7 0  |8 A  |9 368398  |a BIBTEO  |b BIBTEO  |d 2019-11-21  |i 2079178  |o 232.96 BEN 1971  |p 2079178  |r 2025-01-17  |w 2019-11-21  |y BK  |k ICR